Statistics for Shortest country names

Click here to take the quiz!

General Stats

  • This quiz has been taken 48 times
    (25 since last reset)
  • The average score is 28 of 34

Answer Stats

Country% Correct
Japan
100%
Peru
100%
China
95%
Fiji
95%
Egypt
91%
Togo
91%
Chad
86%
India
86%
Iran
86%
Iraq
86%
Laos
86%
Mali
86%
Niger
86%
Yemen
86%
Chile
82%
Kenya
82%
Libya
82%
Nauru
82%
Oman
82%
Spain
82%
Benin
77%
Cuba
77%
Ghana
77%
Haiti
77%
Italy
77%
Samoa
77%
Sudan
77%
Tonga
77%
Nepal
73%
Palau
73%
Qatar
68%
Syria
68%
Gabon
64%
Malta
64%

Score Distribution

Percentile by Number Answered

Percent of People with Each Score

Your Score History

You have not taken this quiz since the last reset